000
00318nam a2200133Ia 4500
005
20251222140042.0
008
251222s1900||||xx |||||||||||||| ||spa||
020
_a
8805056294
082
_a
174.9/B38
100
_a
Belsy, Andrew
245
0
_a
Ética e Giornalismo
264
_b
Societa Ed. Internazionale
942
_c
LIB
999
_c
3309
_d
3309